[Event "Budha Bhandari Memorial"]
[Site "Budhanilkantha"]
[Date "2019.11.12"]
[Round "6"]
[White "Alavi, Mir Mahmood"]
[Black "Gabdushev, Arman"]
[Result "1/2-1/2"]
[WhiteElo "1559"]
[BlackElo "1846"]
[PlyCount "42"]
[EventDate "2019.11.09"]
[EventType "swiss"]
[EventRounds "9"]
[EventCountry "NEP"]
[SourceTitle "CBM 193 Extra"]
[Source "ChessBase"]
[SourceDate "2020.01.31"]
[SourceVersion "1"]
[SourceVersionDate "2020.01.31"]
[SourceQuality "1"]

1. e4 c6 2. c4 d5 3. cxd5 cxd5 4. exd5 Nf6 5. Nc3 Nxd5 6. Bc4 Nb6 7. Bb3 Bf5 8. Qf3 Qd7 9. a4 a5 10. d4 Nc6 11. Nge2 e6 12. Be3 Nb4 13. 0-0 Be7 14. Nf4 g5 15. d5 gxf4 16. Bxb6 e5 17. Nb5 0-0 18. Rac1 Rfc8 19. Rxc8+ Rxc8 20. Bxa5 Nd3 21. Bc3 Bc5 1/2-1/2

[Event "Rasht op"]
[Site "Rasht"]
[Date "2015.08.14"]
[Round "1"]
[White "Omidi, Arya"]
[Black "Alavi, Mir Mahmood"]
[Result "1-0"]
[WhiteElo "2257"]
[BlackElo "1710"]
[PlyCount "68"]
[EventDate "2015.08.14"]
[EventType "swiss"]
[EventRounds "11"]
[EventCountry "IRI"]
[SourceTitle "EXT 2016"]
[Source "ChessBase"]
[SourceDate "2015.10.08"]
[SourceVersion "1"]
[SourceVersionDate "2015.10.08"]
[SourceQuality "1"]

1. e4 d5 2. exd5 Qxd5 3. Nc3 Qd8 4. Bc4 Nf6 5. Nf3 Bf5 6. 0-0 e6 7. h3 Bd6 8. d4 0-0 9. Bg5 Nbd7 10. Nh4 Bg6 11. Nxg6 hxg6 12. Qf3 c6 13. Rad1 Rc8 14. Ne4 Be7 15. Ng3 Nd5 16. Bc1 N7f6 17. Be2 Re8 18. c4 Nc7 19. h4 Nh5 20. Nxh5 gxh5 21. Qxh5 Bxh4 22. Bd3 Bf6 23. Qh7+ Kf8 24. b3 Qd6 25. g3 Ke7 26. Bf4 Qd7 27. Be2 g6 28. Qh1 Rh8 29. Qe4 Rh7 30. Bf3 Rch8 31. d5 Ne8 32. Rfe1 Kf8 33. dxc6 Qxc6 34. Qxc6 bxc6 1-0

[Event "Wch Seniors 22nd"]
[Site "Kamena Vourla"]
[Date "2012.11.22"]
[Round "9"]
[White "Alavi, Mir Mahmood"]
[Black "Guaglianone, Mario"]
[Result "1/2-1/2"]
[WhiteElo "1918"]
[BlackElo "2017"]
[PlyCount "56"]
[EventDate "2012.11.13"]
[EventType "swiss"]
[EventRounds "11"]
[EventCountry "GRE"]
[SourceTitle "CBM 151 Extra"]
[Source "ChessBase"]
[SourceDate "2012.12.18"]
[SourceVersion "1"]
[SourceVersionDate "2012.12.18"]
[SourceQuality "1"]

1. e4 d6 2. f4 c5 3. Nf3 g6 4. Bc4 Bg7 5. 0-0 Nc6 6. c3 e6 7. Kh1 Nge7 8. d4 cxd4 9. cxd4 d5 10. exd5 Nxd5 11. Bxd5 Qxd5 12. Nc3 Qd8 13. d5 Ne7 14. d6 Nf5 15. Nb5 0-0 16. g4 Nh6 17. Ne5 Bd7 18. Nc7 Rc8 19. Be3 b6 20. Qf3 f6 21. Nxd7 Qxd7 22. Rfd1 Kh8 23. Rac1 Nf7 24. Qc6 Rfd8 25. Qxd7 Rxd7 26. Nxe6 Rxc1 27. Rxc1 Nxd6 28. Rd1 Kg8 1/2-1/2

[Event "Wch Seniors 22nd"]
[Site "Kamena Vourla"]
[Date "2012.11.21"]
[Round "8"]
[White "Choong, Mark"]
[Black "Alavi, Mir Mahmood"]
[Result "0-1"]
[WhiteElo "1948"]
[BlackElo "1918"]
[PlyCount "52"]
[EventDate "2012.11.13"]
[EventType "swiss"]
[EventRounds "11"]
[EventCountry "GRE"]
[SourceTitle "CBM 151 Extra"]
[Source "ChessBase"]
[SourceDate "2012.12.18"]
[SourceVersion "1"]
[SourceVersionDate "2012.12.18"]
[SourceQuality "1"]

1. e4 d5 2. exd5 Nf6 3. d4 Nxd5 4. c4 Nb6 5. Nc3 g6 6. Be3 Bg7 7. Nf3 c6 8. Be2 Bg4 9. Ne5 Bxe2 10. Qxe2 f6 11. Nf3 N8d7 12. Rd1 Qc7 13. b4 0-0 14. a4 Rae8 15. a5 Nc8 16. h4 e5 17. 0-0 e4 18. Nd2 f5 19. g3 f4 20. Ndxe4 fxe3 21. fxe3 Nd6 22. Rxf8+ Nxf8 23. Qf3 Nxc4 24. Rf1 Re7 25. Ne2 Qd7 26. Nf4 Nxe3 0-1